Countries with the Highest Percent Living in the Capital - Statistics

General Stats
  • This quiz has been taken 36 times
  • The average score is 11 of 20
Answer Stats
Percentage Continent Country % Correct
70.3% Asia Kuwait
78%
38.5% South America Uruguay
78%
32.4% South America Chile
75%
44.1% Asia Qatar
72%
66.1% Oceania Marshall Islands
69%
39.3% South America Suriname
69%
56.4% Oceania Tuvalu
69%
67.3% North America Bahamas
63%
54.7% Oceania Kiribati
63%
36.0% Europe Iceland
59%
33.0% Europe Estonia
50%
36.4% Asia Jordan
47%
32.3% Europe Latvia
47%
43.8% Asia Mongolia
47%
39.3% Asia Armenia
44%
39.1% North America Barbados
44%
32.0% Asia Georgia
44%
54.6% Africa Djibouti
38%
30.3% Europe Montenegro
31%
32.2% Africa São Tomé and Príncipe
31%
No matching quizzes found
Score Distribution
Percent of People with Each Score
Percentile by Number Answered
Your Score History
You have not taken this quiz